Normal view
MARC view
- Computer software -- Development -- Management
Entry Topical Term
001 - CONTROL NUMBER
- control field: 586
003 - CONTROL NUMBER IDENTIFIER
- control field: JO-AjAnu
005 - DATE AND TIME OF LATEST TRANSACTION
- control field: 20230606070412.0
008 - FIXED-LENGTH DATA ELEMENTS
- fixed length control field: 230606|| aca||aabn | a|a d
040 ## - CATALOGING SOURCE
- Original cataloging agency: JO-AjAnu
- Transcribing agency: JO-AjAnu
150 ## - HEADING--TOPICAL TERM
- Topical term or geographic name entry element: Computer software -- Development -- Management
670 ## - SOURCE DATA FOUND
- Source citation: Work cat.: (JO-AjAnu)309: HUGHES,Bob/COTTerell, author 585, Software project management